Okresy w dziejach Ziemi - Statystyki

Ogólne statystyki
  • Ten quiz został rozwiązany 245 razy
  • Średni wynik to 10 z 12
Statystyki odpowiedzi
Hint Odpowiedź % Poprawnych
Mezozoik Jura
97%
Mezozoik Kreda
95%
Mezozoik Trias
92%
Paleozoik Dewon
88%
Paleozoik Karbon
86%
Paleozoik Kambr
85%
Kenozoik Czwartorzęd
83%
Paleozoik Ordowik
81%
Paleozoik Sylur
81%
Paleozoik Perm
78%
Kenozoik Neogen
75%
Kenozoik Paleogen
69%
Nie znaleziono quizów pasujących do podanych kryteriów
Rozkład punktacji
Procent ludzi z każdym wynikiem
Percentyl według liczby udzielonych odpowiedzi
Twoja historia wyników
Nie rozwiązałeś tego quizu